000 00519ntaaa2200193 4500
003 01
005 20251027203143.0
008 0714s1973 ag 01
040 _aAR-BaBN
_bspa
_cAR-BaBN
_eaacr
_dRIC
082 _a268.3000 G11p
100 _aGaebelein, Frank E
_920898
245 _aEl patron de la verdad de Dios
250 _a1 ed.
260 _aGuatemala :
_bACSI,
_c1998
300 _a103 p ;
_c21 cm
500 _aContiene referencias bibliograficas e indice
650 _aEducacion Cristiana
_9405
942 _cBK
999 _c26981
_d26981